| 000 | 00510nam a22001937a 4500 | ||
|---|---|---|---|
| 005 | 20260603144718.0 | ||
| 010 | _aENG-148722 | ||
| 020 |
_a9781482859232 _c350.00 |
||
| 035 | _aEN-132254 | ||
| 037 | _bDBAD | ||
| 082 | _aS | ||
| 100 |
_aRao, C.N. Nageshwar _989286 |
||
| 245 |
_aTelling Tales for Rising Stars/ _cC.N. Nageshwar Rao |
||
| 250 | _a1 | ||
| 260 |
_c2015 _aIndia _bPartridge India |
||
| 270 |
_bIndia _mindia@partridgepublishing.com |
||
| 300 |
_a149p. _c21cm(pb) |
||
| 942 |
_2ddc _cEN _hS _mRAO |
||
| 999 |
_c216478 _d216478 |
||